Quiz sur IAM - Statistiques

Statistiques générales
  • Ce quiz a été pris 154 fois
  • Le résultat moyen est 9 sur 16
Statistiques - réponses
Indice Réponse % Correct
Ville d'origine du groupe Marseille
94%
Membres du groupe Akhenaton
91%
Membres du groupe Shurik'n
88%
Chanson sorti en 1993 qui connait un succès considérable Je danse le mia
85%
Album sorti en 1997, plus grand succès commercial du groupe L'École du micro d'argent
85%
Titre d'une musique de cet album inspiré de l'univers de Star Wars L'Empire du côté obscur
73%
Membres du groupe Kheops
58%
Titre de la musique qui clôt cet album Demain c'est loin
53%
Ancien membre du groupe Freeman
47%
Ils ont composé la bande originale de ce film de Luc Besson Taxi
47%
Album dont fait partie cette musique Ombre est lumière
45%
Membres du groupe Imhotep
38%
Nom du projet collaboratif, a l'initiative de Jul, dans lequel les deux membres principaux apparaissent 13'Organisé
37%
Membres du groupe Kephren
35%
Groupe américain en featuring sur le titre "La Saga" Sunz of Man
15%
Émission de musique dont ils ont composé le générique et dans laquelle ils sont apparus plusieurs fois RapLine
4%
Aucun quiz correspondant
Distribution des résultats
% des personnes avec chaque résultat
Percentile par nombre de réponses
Votre historique - résultats
Vous n’avez pas pris ce quiz